Recherches dialectiques
محفوظ في:
| المؤلف الرئيسي: | |
|---|---|
| التنسيق: | كتاب |
| اللغة: | الفرنسية |
| منشور في: |
París
Gallimard
1959
|
| سلاسل: | Bibliothéque de Idées
|
| الموضوعات: | |
| الوسوم: |
إضافة وسم
لا توجد وسوم, كن أول من يضع وسما على هذه التسجيلة!
|
MARC
| LEADER | 00000nam a2200000 a 4500 | ||
|---|---|---|---|
| 001 | UCZ4573 | ||
| 003 | CL-VaPUC | ||
| 008 | 951110e19590000FR |||||||||||||||||fre|d | ||
| 082 | 0 | 4 | |a 160 |b GOL |2 21 |
| 100 | |a Goldmann, Lucien |e author |9 412435 | ||
| 245 | 1 | 0 | |a Recherches dialectiques |
| 300 | |a 356 p | ||
| 942 | |c BK | ||
| 945 | |d 19951110 00:00:00 |a cmena | ||
| 260 | |a París |b Gallimard |c 1959 | ||
| 650 | 0 | |a Lógica |9 256849 | |
| 650 | 0 | |a Teoría del conocimiento |9 255038 | |
| 650 | 0 | |a Epistemología |9 264994 | |
| 650 | 0 | |a Cognición |9 270347 | |
| 650 | 0 | |a Metodología |9 256610 | |
| 650 | 0 | |a Filosofía de las ciencias |9 256466 | |
| 583 | |a last modification |c 19951110 00:00:00 |k Rodrigo Vera | ||
| 490 | 0 | |a Bibliothéque de Idées | |
| 999 | |c 240943 |d 240941 | ||
| 952 | |0 0 |1 0 |4 0 |6 160_000000000000000_GOL_1959 |7 0 |8 P |9 253070 |a BIBEDU |b BIBEDU |c BIBEDU_PB |d 2019-11-19 |i 1596101 |o 160 GOL 1959 |p 1596101 |r 2024-01-25 |w 2019-11-19 |y BK |k FIL | ||